000 00730nam a2200289Ia 4500
005 20260121124847.0
008 008 260114s9999 xx 000 0 eng d
020 _a9780520312241
037 _aEBOOK
040 _aCRL
040 _beng
040 _cCRL
041 _2eng
041 _aeng
084 _qCRL
100 _aFalcoff, Mark
_9983230
245 0 _aPrologue to Peron: Argentina in Depression and War, 1930-1943
260 _bWalter de Gruyter
260 _bWalter de Gruyter
260 _c2023
650 _aHistory
_9983231
700 _a Dolkart, Ronald H.
_9983232
856 _uhttp://www.degruyter.com/isbn/9780520312241
942 _cEBOOK
999 _c1557691
_d1557691